Central Library OPAC University of Rajshahi

প্রমগ্ন কবিতাবলী / (Record no. 74285)

MARC details
000 -LEADER
fixed length control field 00772nam a2200229 a 4500
001 - CONTROL NUMBER
control field 74285
003 - CONTROL NUMBER IDENTIFIER
rucl marc code BD-RjUL
005 - DATE AND TIME OF LATEST TRANSACTION
control field 20211209082530.0
008 - FIXED-LENGTH DATA ELEMENTS--GENERAL INFORMATION
fixed length control field 180527s2017 bg ||||| |||| 00| 0 ben d
020 ## - INTERNATIONAL STANDARD BOOK NUMBER
International Standard Book Number 9789843420992
Terms of availability Tk.150.00
035 ## - SYSTEM CONTROL NUMBER
System control number (BD-RjUL)74503
040 ## - CATALOGING SOURCE
Original cataloging agency BD-RjUL
Language of cataloging eng
Transcribing agency BD-RjUL
041 ## - LANGUAGE CODE
Language code of text/sound track or separate title ben
082 ## - DEWEY DECIMAL CLASSIFICATION NUMBER
Edition number 23
Classification number 891.44109
Author mark and year MOP 2017
100 ## - MAIN ENTRY--PERSONAL NAME
Personal name মোহান্ত, গৌরাঙ্গ
9 (RLIN) 221105
245 ## - TITLE STATEMENT
Title প্রমগ্ন কবিতাবলী /
Statement of responsibility, etc. গৌরাঙ্গ মোহান্ত
260 ## - PUBLICATION, DISTRIBUTION, ETC. (IMPRINT)
Place of publication, distribution, etc. ঢাকা :
Name of publisher, distributor, etc. নতুনধারা ,
Date of publication, distribution, etc. ২০১৭
300 ## - PHYSICAL DESCRIPTION
Pagination ৬২ পৃ. ;
Size ২২ সেমি.
650 ## - SUBJECT ADDED ENTRY--TOPICAL TERM
Topical term or geographic name as entry element বাংলা কবিতা
9 (RLIN) 221486
Topical term or geographic name as entry element Bengali Poetry
9 (RLIN) 221487
942 ## - ADDED ENTRY ELEMENTS (KOHA)
Source of classification or shelving scheme Dewey Decimal Classification
Koha item type Books
Holdings
Lost status Source of classification or shelving scheme Damaged status Not for loan Collection code Permanent Location Current Location Shelving location Date acquired Source of acquisition Cost, normal purchase price Total Checkouts Full call number Date last seen Copy number Koha item type
  Dewey Decimal Classification   Not For Loan Non-fiction Central Library, University of Rajshahi Central Library, University of Rajshahi Reading Room 06/03/2017 Rajshahi Vyddya Sagar 150.00   B 891.44109 MOP 2017 27/05/2018 C-1 Books
  Dewey Decimal Classification     Non-fiction Central Library, University of Rajshahi Central Library, University of Rajshahi   06/03/2017 Rajshahi Vyddya Sagar 150.00   B 891.44109 MOP 2017 27/05/2018 C-2 Books
  Dewey Decimal Classification     Non-fiction Central Library, University of Rajshahi Central Library, University of Rajshahi   06/03/2017 Rajshahi Vyddya Sagar 150.00   B 891.44109 MOP 2017 27/05/2018 C-3 Books